Normal view
MARC view
Entry Topical Term
001 - CONTROL NUMBER
- control field: 26849
003 - CONTROL NUMBER IDENTIFIER
- control field: OSt
005 - DATE AND TIME OF LATEST TRANSACTION
- control field: 20230627103954.0
008 - FIXED-LENGTH DATA ELEMENTS
- fixed length control field: 230627|| aca||aabn | a|a d
040 ## - CATALOGING SOURCE
- Original cataloging agency: OSt
- Transcribing agency: OSt
150 ## - HEADING--TOPICAL TERM
- Topical term or geographic name entry element: ၽွၼ်းႁၢႆႉ - ယႃႈမဝ်းၵမ်
670 ## - SOURCE DATA FOUND
- Source citation: Work cat.: (OSt): ပၢၼ်းႁႅင်း၊ ၸၢႆး။ 25937, မလူမ်းမိၼ် /, 2002 ။